1. Világ háborús hatalmak tagjai - Statistics

General Stats
  • This quiz has been taken 92 times
  • The average score is 9 of 13
Answer Stats
Válaszok % Correct
Orosz Birodalom
99%
Német Birodalom
97%
Osztrák–Magyar Monarchia
97%
Brit Birodalom
93%
Franciaország
86%
USA
80%
Olaszország
77%
Román Királyság
77%
Oszmán Birodalom
73%
Szerbia
55%
Japán Császárság
54%
Bulgária
51%
Brazília
3%
No matching quizzes found
Score Distribution
Percent of People with Each Score
Percentile by Number Answered
Your Score History
You have not taken this quiz